| 000 | 01324nam a22002897a 4500 | ||
|---|---|---|---|
| 003 | OSt | ||
| 005 | 20250612113351.0 | ||
| 008 | 240410s2013 sp jr 000 f spa d | ||
| 020 | _a9788467563368 | ||
| 037 | _bDonación | ||
| 040 |
_aCO-JMCR _bspa _cCO-JMCR _dCO-JMCR _erda |
||
| 041 | 1 |
_aspa _heng |
|
| 082 | 0 | 4 |
_aJ-N _bSTIp |
| 100 | 1 |
_aStiefvater, Maggie, _d1981 - _eautora _943569 |
|
| 245 | 1 | 3 |
_aLa profecía del cuervo / _cMaggie Stiefvater ; traducción de Alexandre Casal. |
| 260 |
_aMadrid : _bEdiciones SM , _c©2013 |
||
| 300 |
_a419 páginas ; _c21 cm. |
||
| 490 |
_aThe raven boys _vlibro. 1 |
||
| 500 | _aContiene agradecimientos. | ||
| 501 | _aCon: prólogo | ||
| 520 | 3 | _a[Cada año, la noche de San Marcos, Blue Sargent acompaña a su madre al camino de los espíritus para ver a los que morirán en los siguientes doce meses. Sin embargo, este año es distinto: Blue, la única de su familia que no tiene facultades adivinatorias, ha visto a uno de estos espíritus, y eso solo puede significar que es su amor verdadero o que lo va a matar.] | |
| 650 | 1 | 4 |
_2JMCR _vNovela estadounidense _ySiglo XX _943571 |
| 650 | 2 | 4 |
_2JMCR _aVidentes en la literatura _ySiglo XX _943572 |
| 650 | 3 | 4 |
_2JMCR _aRomance en la literatura _vNovela _943573 |
| 700 | 1 |
_aCasal, Alexandre, _etraductor _943574 |
|
| 942 |
_2ddc _cBK |
||
| 999 |
_c30736 _d17120 |
||